| 000 | 00833nam a22002297a 4500 | ||
|---|---|---|---|
| 999 |
_c5610 _d5610 |
||
| 001 | 5610 | ||
| 003 | BD-JhCC | ||
| 005 | 20221124134023.0 | ||
| 008 | 171218s2014 bg a|||| ||a| 000 0 ben d | ||
| 035 | _a(BD-JhCC)5610 | ||
| 040 |
_aBD-JhCC _dBD-JhCC |
||
| 041 | _aben | ||
| 082 |
_a540 _bHAZ 2014 |
||
| 100 | _aহাজারী, সরোজ কান্তি সিংহ | ||
| 245 |
_aরসায়ন দ্বিতীয় পত্র একাদশ-দ্বাদশ শ্রেণী / _cসরোজ কান্তি সিংহ হাজারী; হারাধন নাগ |
||
| 260 |
_aঢাকা : _bহাসান বুক হাউস, _c2014. |
||
| 300 |
_a275 p. : _c24 cm. _billu; |
||
| 650 | _aChemistry | ||
| 700 | _aনাগ, হারাধন | ||
| 942 |
_2ddc _cBK _020 |
||